ბათუმის შოთა რუსთაველის სახელმწიფო უნივერსიტეტის ბიბლიოთეკა

Вопросы языкознания, №3.2014. (ბიბ.ჩანაწერი № 40907)

000 -LEADER
fixed length control field 00547nam a2200181Ia 4500
001 - CONTROL NUMBER
control field 7551
003 - CONTROL NUMBER IDENTIFIER
control field GE_BSU
008 - FIXED-LENGTH DATA ELEMENTS--GENERAL INFORMATION
fixed length control field 181216s||||||||xx |||||||||||||| ||und||
040 ## - CATALOGING SOURCE
Transcribing agency GE_BSU
245 ## - TITLE STATEMENT
Title Вопросы языкознания, №3.2014.
245 ## - TITLE STATEMENT
Statement of responsibility, etc. гл.ред.Т.М.Николаева и др.
260 ## - PUBLICATION, DISTRIBUTION, ETC.
Place of publication, distribution, etc. Москва.
260 ## - PUBLICATION, DISTRIBUTION, ETC.
Name of publisher, distributor, etc. НАУКА.
260 ## - PUBLICATION, DISTRIBUTION, ETC.
Date of publication, distribution, etc. 2014.Май-Июнь.
300 ## - PHYSICAL DESCRIPTION
Extent 160ст;24см.
520 ## - SUMMARY, ETC.
Summary, etc. журнал основан в январе 1952 года выход 6 раз в год.
942 ## - ADDED ENTRY ELEMENTS (KOHA)
Koha item type პერიოდიკა
ეგზემპლარები
Withdrawn status Lost status Damaged status Not for loan Date acquired Barcode Date last seen Price effective from Koha item type
        2018-12-17 p75707 2018-12-17 2018-12-17 პერიოდიკა